Česko je pro pracující cizince přitažlivé
Zamestnávanie cudzincov v Česku. Ako miesto pre prácu je Česko hodnotené ako zem veľmi atraktívna, a to osobitne vďaka kvalitnej starostlivosti o deti a možnostiam vzdelávania. Poradie najlepších krajín podľa cudzincov, ktorí v nich žijú a pracujú.
Na minha lista:
| Formato: | Capítulo de Livro |
|---|---|
| Idioma: | tcheco |
| Assuntos: | |
| Tags: |
Sem tags, seja o primeiro a adicionar uma tag!
|
MARC
| LEADER | 00000naa a2200000 4500 | ||
|---|---|---|---|
| 001 | 0224354 | ||
| 005 | 20231113135225.2 | ||
| 041 | 0 | |a cze | |
| 044 | |a CZ | ||
| 245 | 1 | 0 | |a Česko je pro pracující cizince přitažlivé |
| 520 | |a Zamestnávanie cudzincov v Česku. Ako miesto pre prácu je Česko hodnotené ako zem veľmi atraktívna, a to osobitne vďaka kvalitnej starostlivosti o deti a možnostiam vzdelávania. Poradie najlepších krajín podľa cudzincov, ktorí v nich žijú a pracujú. | ||
| 610 | 2 | 0 | |a trh práce |
| 610 | 2 | 0 | |a zamestnávanie cudzincov |
| 610 | 2 | 0 | |a Česko |